00365nam a2200109Ia 4500008004100000082001600041245005200057300002200109942000700131999001900138952009800157230907s9999||||xx |||||||||||||| ||und|| a621.31bADV 0aAdvances in electric power and energy systems : axiii, 304 pages : cBK c599961d599961 00104070aCAS-EbCAS-Ed2019-09-24l0o621.31 ADVpCAS-E0004060r2023-09-12w2023-09-12yBK